| 000 | 00655nam a2200241Ia 4500 | ||
|---|---|---|---|
| 003 | OSt | ||
| 005 | 20221007110514.0 | ||
| 006 | a|||||r|||| 00| 0 | ||
| 007 | ta | ||
| 008 | 221006b |||||||| |||| 00| 0 eng d | ||
| 024 | _a21,252 | ||
| 037 | _cTextual | ||
| 040 |
_aLCO _cLCO _beng |
||
| 041 |
_2eng _aeng |
||
| 082 | _aZ2,193, M7 | ||
| 100 |
_aPandey Anil Kumar _9437431 |
||
| 245 | 0 | _aDevelopment Administration and the Local Police | |
| 260 |
_aDelhi _bMittal Publications India _c1987 |
||
| 300 | _a303 | ||
| 650 |
_aLOCAL POLICE _9707581 |
||
| 942 |
_hZ2,193, M7 _cTEXL |
||
| 999 |
_c1190815 _d1190815 |
||